Practising Development: (Record no. 3103)

MARC details
000 -LEADER
fixed length control field 00987cam a2200277 a 4500
001 - CONTROL NUMBER
control field 1559272
003 - CONTROL NUMBER IDENTIFIER
control field OSt
005 - DATE AND TIME OF LATEST TRANSACTION
control field 20191207124055.0
008 - FIXED-LENGTH DATA ELEMENTS--GENERAL INFORMATION
fixed length control field 920408s1993 enk b 001 0 eng
010 ## - LIBRARY OF CONGRESS CONTROL NUMBER
LC control number 92013084
020 ## - INTERNATIONAL STANDARD BOOK NUMBER
International Standard Book Number 0415089115 (PB)
040 ## - CATALOGING SOURCE
Original cataloging agency DLC
Transcribing agency DLC
Modifying agency DLC
-- OCoLC
-- DLC
050 00 - LIBRARY OF CONGRESS CALL NUMBER
Classification number GN397.5
Item number .P74 1993
082 00 - DEWEY DECIMAL CLASSIFICATION NUMBER
Classification number 307.1
Edition number 20
Item number PRA 1992
100 ## - MAIN ENTRY--PERSONAL NAME
Personal name Edited by Johan Pottier.
9 (RLIN) 13130
245 00 - TITLE STATEMENT
Title Practising Development:
Remainder of title social science perspectives
260 ## - PUBLICATION, DISTRIBUTION, ETC. (IMPRINT)
Place of publication, distribution, etc. London ;
Name of publisher, distributor, etc. Routledge,
Date of publication, distribution, etc. 1993.
300 ## - PHYSICAL DESCRIPTION
Extent ix, 222 p. ;
Dimensions 23 cm.
504 ## - BIBLIOGRAPHY, ETC. NOTE
Bibliography, etc Includes bibliographical references and index.
650 #0 - SUBJECT ADDED ENTRY--TOPICAL TERM
Topical term or geographic name as entry element Social sciences
9 (RLIN) 6807
650 #0 - SUBJECT ADDED ENTRY--TOPICAL TERM
Topical term or geographic name as entry element Economic development
9 (RLIN) 6888
856 42 - ELECTRONIC LOCATION AND ACCESS
Materials specified Publisher description
Uniform Resource Identifier http://www.loc.gov/catdir/enhancements/fy0648/92013084-d.html
906 ## - LOCAL DATA ELEMENT F, LDF (RLIN)
a 7
b cbc
c orignew
d 1
e ocip
f 19
g y-gencatlg
942 ## - ADDED ENTRY ELEMENTS (KOHA)
Source of classification or shelving scheme Dewey Decimal Classification
Koha item type Short Loan
Holdings
Withdrawn status Lost status Source of classification or shelving scheme Damaged status Not for loan Home library Current library Date acquired Source of acquisition Inventory number Total Checkouts Full call number Barcode Date last seen Koha item type
    Dewey Decimal Classification     MUST Main Library MUST Main Library 29/02/2016 Donation 00/14722   307.1 PRA 1992 2016-0256 29/02/2016 Short Loan
    Dewey Decimal Classification     MUST Main Library MUST Main Library 07/03/2016 Donation 00/14723   307.1 PRA 1992 2016-0368 07/03/2016 Short Loan